[Event "SVK-chT4 A21 2223"]
[Site "Slovakia"]
[Date "2023.02.12"]
[Round "8.3"]
[White "Adamec, Jozef"]
[Black "Kincel, Jan"]
[Result "0-1"]
[WhiteElo "1392"]
[BlackElo "1892"]
[PlyCount "102"]
[EventDate "2022.10.09"]
[EventType "team-tourn"]
[EventRounds "11"]
[EventCountry "SVK"]
[SourceTitle "EXT 2024"]
[Source "ChessBase"]
[SourceDate "2023.10.10"]
[SourceVersion "1"]
[SourceVersionDate "2023.10.10"]
[SourceQuality "1"]
[WhiteTeam "Smolenice"]
[BlackTeam "Vrbove"]
[WhiteTeamCountry "SVK"]
[BlackTeamCountry "SVK"]

1. d4 Nf6 2. Nf3 g6 3. Bf4 Bg7 4. e3 0-0 5. Bd3 d6 6. 0-0 Re8 7. Nbd2 Nc6 8. c3 e5 9. dxe5 dxe5 10. Nxe5 Nxe5 11. Be2 c6 12. Qc2 Nd5 13. Bg3 Bg4 14. Bc4 Nxc4 15. Nxc4 Bf5 16. Qb3 Bd3 17. Rfe1 Bxc4 18. Qxc4 Qb6 19. Rab1 Re6 20. e4 Rae8 21. Kf1 Nf6 22. f3 Qb5 23. Qxb5 cxb5 24. Bf2 a6 25. h3 Rd8 26. b3 Nh5 27. Rbc1 Rc6 28. e5 Rdc8 29. Bd4 Nf4 30. Rcd1 Ne6 31. g3 Nxd4 32. cxd4 Rc3 33. Kf2 Rc2+ 34. Re2 Rxe2+ 35. Kxe2 Rc2+ 36. Rd2 Rxd2+ 37. Kxd2 Kf8 38. Kd3 Ke7 39. g4 Ke6 40. Ke4 f5+ 41. exf6 Bxf6 42. d5+ Kd6 43. f4 b6 44. a3 Bb2 45. a4 bxa4 46. bxa4 b5 47. axb5 axb5 48. h4 b4 49. f5 gxf5+ 50. gxf5 Bf6 51. h5 b3 0-1

[Event "SVK-chT3A2 2122"]
[Site "Slovakia"]
[Date "2022.05.08"]
[Round "7.4"]
[White "Kincel, Jan"]
[Black "Kubis, Ivan"]
[Result "1/2-1/2"]
[WhiteElo "1887"]
[BlackElo "1816"]
[PlyCount "87"]
[EventDate "2021.10.10"]
[EventType "team-tourn"]
[EventRounds "11"]
[EventCountry "SVK"]
[SourceTitle "EXT 2024"]
[Source "ChessBase"]
[SourceDate "2023.10.10"]
[SourceVersion "1"]
[SourceVersionDate "2023.10.10"]
[SourceQuality "1"]
[WhiteTeam "Vrbove"]
[BlackTeam "Holic"]
[WhiteTeamCountry "SVK"]
[BlackTeamCountry "SVK"]

1. e4 e5 2. Nf3 Nc6 3. Bb5 a6 4. Ba4 Nf6 5. Qe2 d6 6. c3 Be7 7. 0-0 0-0 8. h3 b5 9. Bc2 h6 10. d4 Re8 11. dxe5 Nxe5 12. Nxe5 dxe5 13. Rd1 Bd6 14. Nd2 Qe7 15. Nf1 Bd7 16. Be3 a5 17. Ng3 Rab8 18. Rd2 b4 19. c4 Qf8 20. Rad1 Be6 21. Ba4 Rec8 22. Bc6 Bc5 23. Bd5 Rb6 24. Bxe6 Rxe6 25. Nf5 Nxe4 26. Bxc5 Nxc5 27. Qe3 Rce8 28. Rd5 Na4 29. R1d2 Nb6 30. Rc5 Rf6 31. g4 Kh7 32. b3 g6 33. Ng3 Qe7 34. Ne4 Rf4 35. Rxa5 f5 36. Ng3 fxg4 37. hxg4 Rxg4 38. c5 Nd7 39. Ra7 Nf6 40. Ra6 h5 41. Kf1 h4 42. Ne2 Rf8 43. Qh3 Rg5 44. Qxh4+ 1/2-1/2

[Event "SVK-chT4 A21 1819"]
[Site "Slovakia"]
[Date "2019.01.06"]
[Round "6.2"]
[White "Kubis, Ivan"]
[Black "Kincel, Jan"]
[Result "1-0"]
[WhiteElo "1871"]
[BlackElo "1927"]
[PlyCount "67"]
[EventDate "2018.10.14"]
[EventType "team-tourn"]
[EventRounds "11"]
[EventCountry "SVK"]
[SourceTitle "CBM 189 Extra"]
[Source "ChessBase"]
[SourceDate "2019.06.03"]
[SourceVersion "1"]
[SourceVersionDate "2019.06.03"]
[SourceQuality "1"]
[WhiteTeam "Gbely Nafta III"]
[BlackTeam "Vrbove"]
[WhiteTeamCountry "SVK"]
[BlackTeamCountry "SVK"]

1. e4 c5 2. Nf3 a6 3. c4 e6 4. d4 cxd4 5. Nxd4 Nf6 6. Nc3 Bb4 7. Bd3 Nc6 8. Nxc6 dxc6 9. 0-0 e5 10. Qe2 0-0 11. Bg5 h6 12. Bh4 Be7 13. Rad1 Qc7 14. h3 Be6 15. Bg3 Rad8 16. f4 exf4 17. Bxf4 Qb6+ 18. Kh1 Nd7 19. e5 Nc5 20. Bb1 Rxd1 21. Nxd1 Rd8 22. Qc2 g6 23. Qe2 Bf8 24. b3 Rd7 25. Nf2 Qd8 26. Kh2 Rd4 27. Be3 Rd7 28. Ng4 Bxg4 29. Qxg4 Ne6 30. Bxg6 Ng5 31. Bf5 Rc7 32. h4 Qe7 33. hxg5 Qxe5+ 34. Bf4 1-0

[Event "SVK-chT4 A21 1819"]
[Site "Slovakia"]
[Date "2018.10.28"]
[Round "2.2"]
[White "Holan, Jaroslav"]
[Black "Kincel, Jan"]
[Result "0-1"]
[WhiteElo "1460"]
[BlackElo "1927"]
[PlyCount "68"]
[EventDate "2018.10.14"]
[EventType "team-tourn"]
[EventRounds "11"]
[EventCountry "SVK"]
[SourceTitle "CBM 189 Extra"]
[Source "ChessBase"]
[SourceDate "2019.06.03"]
[SourceVersion "1"]
[SourceVersionDate "2019.06.03"]
[SourceQuality "1"]
[WhiteTeam "Vrbove II"]
[BlackTeam "Vrbove"]
[WhiteTeamCountry "SVK"]
[BlackTeamCountry "SVK"]

1. e4 c5 2. Nf3 d6 3. d4 cxd4 4. Nxd4 Nf6 5. Nc3 a6 6. f4 Qc7 7. Qf3 g6 8. Be3 b5 9. a3 Nbd7 10. 0-0-0 Nc5 11. h3 Bg7 12. Bd3 Bb7 13. Nb3 Nxb3+ 14. cxb3 0-0 15. g4 Rac8 16. Kb1 Nd7 17. Rc1 Qb8 18. f5 Nc5 19. Bc2 Qa8 20. b4 Nd7 21. h4 Ne5 22. Qh3 Nc4 23. h5 Nxe3 24. hxg6 h6 25. g5 fxg6 26. Bb3+ Nc4 27. gxh6 Bxe4+ 28. Ka2 Bh8 29. Rhg1 Bxf5 30. Qh4 Bf6 31. Qf2 Bxc3 32. Rxc3 Bb1+ 33. Kxb1 Rxf2 34. Rxg6+ Kh8 0-1

[Event "SVK-chT3A2 1718"]
[Site "Slovakia"]
[Date "2017.12.03"]
[Round "5.1"]
[White "Hrubsa, Marian"]
[Black "Kincel, Jan"]
[Result "1-0"]
[WhiteElo "1916"]
[BlackElo "1966"]
[PlyCount "37"]
[EventDate "2017.10.08"]
[EventType "team-tourn"]
[EventRounds "11"]
[EventCountry "SVK"]
[SourceTitle "EXT 2020"]
[Source "ChessBase"]
[SourceDate "2019.10.17"]
[SourceVersion "1"]
[SourceVersionDate "2019.10.17"]
[SourceQuality "1"]
[WhiteTeam "Skalica"]
[BlackTeam "Vrbove"]
[WhiteTeamCountry "SVK"]
[BlackTeamCountry "SVK"]

1. e4 c6 2. d4 d5 3. Nc3 dxe4 4. Nxe4 Nf6 5. Ng3 h5 6. Bc4 h4 7. N3e2 Bf5 8. Nf3 h3 9. Ne5 e6 10. g3 Nbd7 11. Bf4 Nb6 12. Bb3 Nfd5 13. g4 Nxf4 14. Nxf4 Be4 15. Rg1 Qf6 16. Nh5 Qe7 17. Qe2 Bh7 18. 0-0-0 0-0-0 19. Nxf7 1-0